[Event "FIDE World Cup 2019"]
[Site "Khanty-Mansiysk"]
[Date "2019.09.11"]
[Round "1.2"]
[White "Ding, Liren"]
[Black "Press, Shaun"]
[Result "1-0"]
[WhiteElo "2811"]
[BlackElo "1954"]
[Annotator "TA"]
[PlyCount "35"]
[EventDate "2019.09.07"]
[EventType "k.o."]
[EventCountry "RUS"]
[SourceTitle "playchess.com"]
[Source "ChessBase"]
[SourceQuality "1"]

{[%evp 12,35,86,54,54,45,64,51,69,57,83,93,89,81,87,84,89,72,148,154,176,102,177,172,229,235]} 1. c4 Nf6 2. Nc3 e6 3. e4 d5 4. e5 Nfd7 5. d4 dxc4 6. Bxc4 Nb6 7. Bd3 c5 {A18: English Opening: Flohr-Mikenas System (1 c4 Nf6 2 Nc3 e6 3 e4).} 8. dxc5 Bxc5 9. Nf3 Nc6 {White is slightly better.} 10. O-O h6 11. Qe2 Bd7 12. a3 Nd5 13. Ne4 Be7 {[#]} 14. b4 $146 {[%cal Bb2b4,Bb4b5][%mdl 32]} ({Predecessor:} 14. Bd2 Na5 15. Nd4 a6 16. Rac1 Nc6 17. Nxc6 Bxc6 18. Rfe1 Qd7 19. Nc5 Bxc5 20. Rxc5 {1-0 (67) Matko,O (2302)-Zubak,Z (2005) Mali Losinj 2017}) 14... Qb8 ({Black should try} 14... a6) 15. Bb2 $16 Nf4 16. Qe3 (16. Qd2 $18 Nxd3 17. Qxd3) 16... Nxd3 (16... Nd5 $16 17. Qe1 a6) 17. Qxd3 $18 O-O (17... a6 $142 18. Rad1 Bc8 19. Nd6+ Kf8) 18. b5 {Accuracy: White = 81%, Black = 60%.} ({Stronger than} 18. Qxd7 Rd8 $17) 1-0

[Event "FIDE World Cup 2019"]
[Site "Khanty-Mansiysk"]
[Date "2019.10.02"]
[Round "7.3"]
[White "Yu, Yangyi"]
[Black "Vachier-Lagrave, Maxime"]
[Result "1/2-1/2"]
[WhiteElo "2763"]
[BlackElo "2774"]
[Annotator "ChessBase"]
[PlyCount "63"]
[EventDate "2019.09.07"]
[EventType "k.o."]
[EventCountry "RUS"]
[SourceTitle "playchess.com"]
[Source "ChessBase"]
[SourceQuality "1"]
[TimeControl "40/5400+30:1800+30"]

1. d4 {[%emt 0:00:00]} Nf6 {[%emt 0:00:00]} 2. c4 {[%emt 0:00:00]} g6 {[%emt 0:00:00]} 3. Nc3 {[%emt 0:00:00]} d5 {[%emt 0:00:00]} 4. cxd5 {[%emt 0:00:10]} Nxd5 {[%emt 0:00:00]} 5. e4 {[%emt 0:00:15]} Nxc3 {[%emt 0:00:00]} 6. bxc3 {[%emt 0:00:09]} Bg7 {[%emt 0:00:00]} 7. Bc4 {[%emt 0:00:34]} c5 {[%emt 0:00:00]} 8. Ne2 {[%emt 0:00:08]} Nc6 {[%emt 0:00:03]} 9. d5 {[%emt 0:00:24]} Na5 {[%emt 0:05:27]} 10. Bd3 {[%emt 0:00:32]} O-O {[%emt 0:05:17]} 11. Rb1 {[%emt 0:00:32]} e6 {[%emt 0:06:05]} 12. c4 {[%emt 0:00:28]} f5 {[%emt 0:00:54]} 13. O-O {[%emt 0:00:44]} fxe4 {[%emt 0:02:13]} 14. Bxe4 {[%emt 0:00:08]} Nxc4 {[%emt 0:00:05]} 15. Nf4 {[%emt 0:00:25]} Nd6 {[%emt 0:00:49]} 16. Bf3 {[%emt 0:00:19]} exd5 {[%emt 0:03:42]} 17. Qxd5+ {[%emt 0:01:55]} Kh8 {[%emt 0:04:13]} 18. Qxc5 {[%emt 0:29:30]} Bf5 {[%emt 0:04:18]} 19. Bb2 {[%emt 0:02:30]} Bxb2 {[%emt 0:01:01]} 20. Rxb2 {[%emt 0:00:06]} Qf6 {[%emt 0:00:16]} 21. Re2 {[%emt 0:07:31]} Rfc8 {[%emt 0:13:49]} 22. Qa5 {[%emt 0:04:08]} Rc4 {[%emt 0:08:19]} 23. Nd5 {[%emt 0:04:45]} Qd4 {[%emt 0:00:06]} 24. Re7 {[%emt 0:06:35]} Rac8 {[%emt 0:09:55]} 25. Rd1 {[%emt 0:03:46]} Rc1 {[%emt 0:01:38]} 26. Ree1 {[%emt 0:01:06]} Nc4 {[%emt 0:03:38]} 27. Qb4 {[%emt 0:02:20]} Rxd1 {[%emt 0:00:14]} 28. Rxd1 {[%emt 0:00:08]} Qb2 {[%emt 0:01:53]} 29. Qe7 {[%emt 0:08:20]} Qg7 {[%emt 0:00:24]} 30. g4 {[%emt 0:04:19]} Bd7 {[%emt 0:01:05]} 31. Qxg7+ {[%emt 0:05:44]} Kxg7 {[%emt 0:00:27]} 32. Ne3 {[%emt 0:00:03]} 1/2-1/2

[Event "FIDE World Cup 2019"]
[Site "Khanty-Mansiysk"]
[Date "2019.10.02"]
[Round "7.3"]
[White "Radjabov, Teimour"]
[Black "Ding, Liren"]
[Result "1-0"]
[WhiteElo "2758"]
[BlackElo "2811"]
[Annotator "TA"]
[PlyCount "91"]
[EventDate "2019.09.07"]
[EventType "k.o."]
[EventCountry "RUS"]
[SourceTitle "playchess.com"]
[Source "ChessBase"]
[SourceQuality "1"]

{[%evp 26,91,25,16,42,25,28,50,44,18,15,14,25,16,22,0,31,24,20,18,29,23,25,16,16,16,23,16,16,19,26,26,26,27,35,35,35,42,42,50,40,39,83,58,81,81,95,93,98,101,91,94,100,100,217,221,269,260,250,270,254,256,672,676,636,614,737,733]} 1. e4 e5 2. Nf3 Nc6 3. Bb5 a6 4. Ba4 Nf6 5. O-O Be7 6. Re1 b5 7. Bb3 O-O 8. c3 d5 9. exd5 Nxd5 10. Nxe5 Nxe5 11. Rxe5 c6 12. d3 Bd6 13. Re1 Bf5 14. Qf3 Qh4 {C89: Closed Ruy Lopez: Marshall Attack} 15. g3 Qh3 16. Be3 Bxd3 {White is slightly better.} 17. Nd2 Qf5 18. Bd4 Rfd8 19. a4 h6 20. h4 Rac8 {[#]} (20... Bf8 {keeps more tension.} 21. Qxf5 Bxf5 22. Ne4 a5 23. Rad1 Re8) 21. Qxf5 $146 ({Predecessor:} 21. axb5 axb5 22. Bxd5 cxd5 {½-½ (35) Karjakin,S (2750)-Ding,L (2805) Saint Louis 2019}) 21... Bxf5 22. Ne4 Bf8 23. Nc5 Nb4 24. Re5 g6 25. axb5 cxb5 {With the idea ...Nc6.} 26. Ne6 Bxe6 27. Rxe6 fxe6 28. Bxe6+ {[%mdl 64] [#] Double Attack} Kh7 29. Bxc8 {Hoping for Bh3.} Rxc8 30. cxb4 $11 {[%mdl 4096] Endgame KRB-KRB} Rc4 31. Bf6 Bg7 32. Be7 Rc6 33. Ra2 Kg8 34. Bc5 Kf7 35. Kg2 Ke6 36. b3 h5 37. Kf3 Kf5 38. Rd2 Be5 39. Rd5 {[#] Bd4 is the strong threat.} Ke6 (39... Kf6 $16 40. Ke3 Re6) 40. Ke4 $18 Bf6 41. f4 Bc3 42. f5+ Kf7 43. Rd7+ Kg8 $2 (43... Ke8 44. Rh7 gxf5+ 45. Kxf5 Rf6+ 46. Kg5 Rf3) 44. Bd6 {White is clearly winning.} gxf5+ 45. Kxf5 Bg7 46. Kg5 {Accuracy: White = 77%, Black = 57%.} 1-0

[Event "FIDE World Cup 2019"]
[Site "Khanty-Mansiysk"]
[Date "2019.10.03"]
[Round "7.4"]
[White "Ding, Liren"]
[Black "Radjabov, Teimour"]
[Result "1/2-1/2"]
[WhiteElo "2811"]
[BlackElo "2758"]
[Annotator "TA"]
[PlyCount "61"]
[EventDate "2019.09.07"]
[EventType "k.o."]
[EventCountry "RUS"]
[SourceTitle "playchess.com"]
[Source "ChessBase"]
[SourceQuality "1"]

{[%evp 10,61,0,0,8,0,18,0,0,0,0,0,0,0,18,18,19,6,13,14,24,6,6,4,9,13,15,14,19,2,14,0,0,0,0,0,0,0,0,0,0,0,0,0,0,0,0,0,9,0,0,0,0,0]} 1. c4 Nf6 2. Nc3 e5 3. Nf3 Nc6 4. g3 d5 5. cxd5 Nxd5 6. Bg2 Bc5 {[#] A29: English Opening: Four Knights Variation with 4 g3} 7. Nxe5 $1 {[%mdl 512] Strongly threatening Qa4.} (7. O-O O-O 8. d3 Re8 9. Nxd5 Qxd5 10. Bd2 Qd8 11. Rc1 Bb6 12. b4 Nd4 13. a4 a6 14. Bc3 Nxf3+ 15. Bxf3 {½-½ (45) Vidit,S (2718)-So,W (2767) Khanty-Mansiysk 2019}) 7... Nxc3 $1 ({Much weaker is} 7... Nxe5 8. Nxd5 c6 9. d4 $16) 8. Bxc6+ bxc6 9. bxc3 Qd5 {[%cal Rd5h1]} 10. Nf3 Bh3 11. Qb3 $146 ({Predecessor:} 11. Rg1 Bg4 12. Nh4 O-O 13. d4 {0-1 (24) Burschowsky,M (2145)-Gsteu,P Austria 1999}) 11... Bg2 12. Qxd5 cxd5 {[%cal Bc6d5,Bd5d4][%mdl 32]} 13. Rg1 Bxf3 $1 14. exf3 d4 $1 15. Rb1 O-O-O {The position is equal.} 16. Rb5 Rhe8+ 17. Kd1 Bb6 {White must now prevent ...dxc3.} 18. cxd4 Bxd4 19. Rf1 Re6 20. Bb2 Ra6 21. Bxd4 Rxd4 $11 {[%mdl 4096] Endgame KRR-KRR} 22. Rb2 Rda4 23. Re1 Kd7 24. Rb8 Rxa2 {[#] And now ...Ra1+ would win.} 25. Ree8 Ra1+ 26. Ke2 Re6+ 27. Rxe6 Kxe6 28. Re8+ Kf6 29. Rc8 Rc1 30. Ra8 Ra1 31. Rc8 {Accuracy: White = 65%, Black = 96%.} 1/2-1/2

[Event "FIDE World Cup 2019"]
[Site "Khanty-Mansiysk"]
[Date "2019.10.03"]
[Round "7.4"]
[White "Vachier-Lagrave, Maxime"]
[Black "Yu, Yangyi"]
[Result "1/2-1/2"]
[WhiteElo "2774"]
[BlackElo "2763"]
[Annotator "TA"]
[PlyCount "60"]
[EventDate "2019.09.07"]
[EventType "k.o."]
[EventCountry "RUS"]
[SourceTitle "playchess.com"]
[Source "ChessBase"]
[SourceQuality "1"]

{[%evp 14,60,25,25,25,23,24,21,22,11,33,25,20,16,7,20,18,0,0,0,0,0,0,0,0,0,8,0,0,0,16,12,6,13,27,0,0,0,0,0,0,0,0,0,0,0,0,0,22]} 1. e4 e5 2. Nf3 Nf6 3. Nxe5 d6 4. Nf3 Nxe4 5. Nc3 Nxc3 6. dxc3 Be7 7. Be3 Nc6 8. Qd2 Bf5 {C42: Petroff Defence: 3 Nxe5 and unusual White 3rd moves} (8... Be6 9. O-O-O Qd7 10. h4 h6 11. Nd4 Nxd4 12. Bxd4 Rg8 13. c4 c5 14. Bc3 O-O-O 15. Qe3 g5 16. hxg5 hxg5 {½-½ (71) Caruana,F (2819)-So,W (2754) Stavanger 2019}) 9. O-O-O Qd7 10. Bc4 Bf6 11. Nd4 $146 ({Predecessor:} 11. Rhe1 O-O 12. h3 Na5 13. Bd3 Bxd3 14. Qxd3 Qa4 15. Kb1 Qc4 16. Qf5 {1-0 (34) Bos Swiecik,I (2240)-Rzeczycka,B (2090) Poznan 1989}) 11... Nxd4 12. Bxd4 Bxd4 13. Qxd4 O-O 14. Rhe1 b6 15. Bd5 Rae8 16. Qc4 {[#] Hoping for Bc6.} Be6 17. Bxe6 Rxe6 18. Rxe6 fxe6 $11 {[%mdl 4096] Endgame KQR-KQR} 19. Rd2 a5 20. a4 Rf6 21. b3 d5 22. Qe2 Rf5 23. Kb2 Qd6 24. h4 h6 {The position is equal.} 25. Rd3 Re5 26. Qg4 Qe7 27. g3 Qf6 28. Rf3 Rf5 29. Rxf5 Qxf5 30. Qe2 Kf7 {Accuracy: White = 66%, Black = 78%.} 1/2-1/2

[Event "FIDE World Cup 2019"]
[Site "Khanty-Mansiysk"]
[Date "2019.10.04"]
[Round "7.5"]
[White "Vachier-Lagrave, Maxime"]
[Black "Yu, Yangyi"]
[Result "1-0"]
[WhiteElo "2774"]
[BlackElo "2763"]
[Annotator "ChessBase"]
[PlyCount "131"]
[EventDate "2019.09.07"]
[EventType "k.o."]
[EventCountry "RUS"]
[SourceTitle "playchess.com"]
[Source "ChessBase"]
[SourceQuality "1"]
[TimeControl "1500+10"]

1. e4 {[%emt 0:00:00]} c5 {[%emt 0:00:00]} 2. Nf3 {[%emt 0:00:00]} e6 {[%emt 0:00:00]} 3. g3 {[%emt 0:00:01]} Nc6 {[%emt 0:00:13]} 4. Bg2 {[%emt 0:00:03]} Nf6 {[%emt 0:00:03]} 5. Qe2 {[%emt 0:00:09]} Be7 {[%emt 0:00:12]} 6. e5 {[%emt 0:00:06]} Nd5 {[%emt 0:00:01]} 7. O-O {[%emt 0:00:11]} d6 {[%emt 0:00:48]} 8. exd6 {[%emt 0:00:03]} Qxd6 {[%emt 0:00:02]} 9. Rd1 {[%emt 0:00:09]} Nc7 {[%emt 0:02:27]} 10. d4 {[%emt 0:01:59]} cxd4 {[%emt 0:02:08]} 11. Bf4 {[%emt 0:00:04]} Qd8 {[%emt 0:00:02]} 12. Ne5 {[%emt 0:00:01]} Nd5 {[%emt 0:01:04]} 13. Nxc6 {[%emt 0:00:14]} bxc6 {[%emt 0:03:17]} 14. Be5 {[%emt 0:00:01]} O-O {[%emt 0:00:06]} 15. Bxd4 {[%emt 0:00:09]} Bf6 {[%emt 0:00:35]} 16. Qd2 {[%emt 0:03:16]} Bxd4 {[%emt 0:04:25]} 17. Qxd4 {[%emt 0:00:02]} Qb6 {[%emt 0:00:01]} 18. c4 {[%emt 0:00:55]} Nb4 {[%emt 0:01:01]} 19. Qc3 {[%emt 0:00:48]} a5 {[%emt 0:00:45]} 20. Nd2 {[%emt 0:00:26]} Bb7 {[%emt 0:00:38]} 21. a3 {[%emt 0:01:47]} Na6 {[%emt 0:00:03]} 22. Ne4 {[%emt 0:00:01]} c5 {[%emt 0:00:58]} 23. Rd6 {[%emt 0:00:02]} Qc7 {[%emt 0:00:06]} 24. Rad1 {[%emt 0:00:10]} Rad8 {[%emt 0:00:27]} 25. Qd2 {[%emt 0:02:01]} Rxd6 {[%emt 0:00:35]} 26. Qxd6 {[%emt 0:00:01]} Qb8 {[%emt 0:02:29]} 27. Qe7 {[%emt 0:03:13]} Ba8 {[%emt 0:00:12]} 28. Rd7 {[%emt 0:01:05]} Bc6 {[%emt 0:01:58]} 29. Nf6+ {[%emt 0:01:17]} gxf6 {[%emt 0:00:01]} 30. Bxc6 {[%emt 0:00:02]} Qxb2 {[%emt 0:00:02]} 31. Rb7 {[%emt 0:02:33]} Qe5 {[%emt 0:00:33]} 32. h4 {[%emt 0:00:05]} Kg7 {[%emt 0:00:52]} 33. Kg2 {[%emt 0:00:15]} Nb8 {[%emt 0:00:49]} 34. Bf3 {[%emt 0:00:01]} h6 {[%emt 0:00:20]} 35. Rb5 {[%emt 0:00:44]} Na6 {[%emt 0:00:37]} 36. Rxa5 {[%emt 0:00:20]} Nb8 {[%emt 0:01:43]} 37. Rxc5 {[%emt 0:00:29]} Qd4 {[%emt 0:00:02]} 38. Rc7 {[%emt 0:00:23]} Na6 {[%emt 0:00:27]} 39. Rc6 {[%emt 0:00:02]} Rb8 {[%emt 0:00:06]} 40. Bh5 {[%emt 0:01:13]} Qe4+ {[%emt 0:00:02]} 41. Kh2 {[%emt 0:00:02]} Rf8 {[%emt 0:00:21]} 42. Rxa6 {[%emt 0:00:23]} Qf5 {[%emt 0:00:08]} 43. Kg2 {[%emt 0:00:05]} Qxh5 {[%emt 0:00:07]} 44. Rxe6 {[%emt 0:00:02]} Qf5 {[%emt 0:00:27]} 45. Re4 {[%emt 0:00:04]} h5 {[%emt 0:00:45]} 46. Rf4 {[%emt 0:00:07]} Qg6 {[%emt 0:00:28]} 47. Qe4 {[%emt 0:00:07]} Qxe4+ {[%emt 0:00:12]} 48. Rxe4 {[%emt 0:00:02]} Rc8 {[%emt 0:00:08]} 49. a4 {[%emt 0:00:56]} Rc5 {[%emt 0:00:06]} 50. Re3 {[%emt 0:00:21]} Rxc4 {[%emt 0:00:07]} 51. Ra3 {[%emt 0:00:01]} Rc6 {[%emt 0:00:07]} 52. a5 {[%emt 0:00:01]} Ra6 {[%emt 0:00:00]} 53. Kf3 {[%emt 0:00:01]} Kf8 {[%emt 0:00:32]} 54. Ke4 {[%emt 0:00:02]} Ke7 {[%emt 0:00:01]} 55. f3 {[%emt 0:00:06]} Ke6 {[%emt 0:00:02]} 56. g4 {[%emt 0:00:02]} f5+ {[%emt 0:00:09]} 57. gxf5+ {[%emt 0:00:07]} Kd6 {[%emt 0:00:07]} 58. f6 {[%emt 0:00:25]} Ke6 {[%emt 0:00:02]} 59. Ra4 {[%emt 0:00:07]} Kxf6 {[%emt 0:00:17]} 60. Kd5 {[%emt 0:00:02]} Ke7 {[%emt 0:00:00]} 61. Kc5 {[%emt 0:00:01]} Kd7 {[%emt 0:00:01]} 62. Kb5 {[%emt 0:00:02]} Rf6 {[%emt 0:00:07]} 63. a6 {[%emt 0:00:31]} Kc7 {[%emt 0:00:11]} 64. a7 {[%emt 0:00:07]} Rf5+ {[%emt 0:00:02]} 65. Kb4 {[%emt 0:00:01]} Rf4+ {[%emt 0:00:04]} 66. Kb3 {[%emt 0:00:02]} 1-0

[Event "FIDE World Cup 2019"]
[Site "Khanty-Mansiysk"]
[Date "2019.10.04"]
[Round "7.5"]
[White "Radjabov, Teimour"]
[Black "Ding, Liren"]
[Result "1/2-1/2"]
[WhiteElo "2758"]
[BlackElo "2811"]
[Annotator "TA"]
[PlyCount "128"]
[EventDate "2019.09.07"]
[EventType "k.o."]
[EventCountry "RUS"]
[SourceTitle "playchess.com"]
[Source "ChessBase"]
[SourceQuality "1"]

{[%evp 10,128,32,0,7,7,9,0,20,0,0,-21,0,0,0,0,0,0,0,0,0,0,0,0,0,0,0,7,0,-16,0,-44,-44,-45,-45,-65,-58,-102,-95,-136,-37,-48,-35,-49,-37,-187,-31,-109,-117,-124,-116,-313,-327,-306,-203,-235,0,-15,-8,-14,77,33,75,61,57,64,59,60,45,53,265,49,199,86,111,16,26,27,28,37,34,0,30,19,19,19,19,19,19,19,21,16,15,15,20,14,16,0,20,20,19,16,15,15,20,20,20,14,23,8,8,8,8,0,0,0,0,0,0,-4,-4]} 1. Nf3 d5 ({Predecessor:} 1... Nf6 2. c4 c5 3. Nc3 e6 4. e3 d5 5. cxd5 Nxd5 {1-0 (47) Jaracz,P (2453)-Szwed,J (2397) Pokrzywna 2018}) 2. d4 Nf6 3. c4 e6 4. Nc3 c5 5. cxd5 Nxd5 6. e3 cxd4 {D41: Queen's Gambit Declined: Semi-Tarrasch with 5 cxd5} 7. exd4 Nxc3 8. bxc3 Qc7 9. Bd2 Nd7 $146 (9... Bd6 10. Bd3 Nd7 11. O-O O-O 12. a4 b6 13. Re1 Bb7 14. h3 Bf4 15. Bxf4 Qxf4 16. Qd2 Qc7 17. Ne5 Nxe5 18. Rxe5 Rac8 19. Re3 g6 20. Bf1 Rfd8 21. Qb2 Rd5 22. c4 {½-½ (38) Karjakin,S (2748)-Dubov,D (2700) Moscow 2019}) 10. Bd3 b6 11. Ng5 {Threatens to win with Qf3!} Nf6 12. Qf3 Rb8 $1 13. O-O Bd6 14. Qh3 h6 15. Nf3 Bb7 16. Rfe1 Bxf3 17. Qxf3 Bxh2+ 18. Kf1 Bd6 $1 19. c4 h5 20. Qh3 Kf8 21. Rab1 Rd8 22. Bc3 Rh6 23. a4 h4 24. Kg1 Nh5 ({Better is} 24... g5 $1 $17 25. a5 Rd7) 25. Bf1 Nf4 26. Qf3 Rf6 27. Qe4 {[#]} (27. Qg4 $15) 27... Ng6 $2 ({Black should try} 27... h3 $1 $19 {[%cal Rh3g2][%mdl 512]} 28. gxh3 Rg6+ 29. Kh1 Qe7) 28. Rb2 {[#]} (28. Qe3 $1 $15) 28... h3 $1 $17 {[%mdl 512]} 29. gxh3 Rf4 30. Qh1 $2 (30. Qd3 $17 {was necessary.}) 30... Nh4 $19 31. Re3 Rf5 32. Rb5 {[#]} e5 $2 (32... Bc5 $1 $19 {[%mdl 512]} 33. Be2 (33. dxc5 Rg5+) 33... Bxd4 34. Bxd4 Rxd4) 33. c5 Be7 34. Qe4 Rf4 (34... Rg5+ $1 $11 {remains equal.} 35. Kh1 Nf5) 35. cxb6 (35. Qh7 $5 {[%cal Rh7h8]} Ng6 36. cxb6 (36. dxe5 $2 Rh4 $19) 36... axb6 37. Rbxe5 $16) 35... axb6 36. Qh7 $36 {[%cal Rh7h8][%mdl 2048] Black is under pressure.} Ng6 $1 {Hoping for ...Rh4.} 37. Rbxe5 $1 Rh4 38. Rh5 Rxh5 39. Qxh5 {Strongly threatening a5.} Bf6 $2 {[#]} (39... Kg8 $14) 40. Qb5 $2 ({Only move:} 40. a5 $1 $18) 40... Nh4 (40... Qd7 $14) 41. Bb4+ (41. a5 $18 Qf4 42. Bb4+ (42. Qxb6 Nf3+ 43. Kg2 Nh4+ 44. Kg1 Nf3+ 45. Kg2 Nh4+ 46. Kg1 $11) 42... Kg8 43. Re8+ (43. axb6 $2 Bxd4 44. Bc5 Qg5+ 45. Kh1 Qd5+ 46. Kg1 Bxc5 $19) 43... Rxe8 44. Qxe8+ Kh7 45. Bd3+ (45. Qxf7 Qg5+ 46. Kh1 bxa5 $11) 45... Kh6 46. Qe3 (46. axb6 Qc1+ 47. Bf1 Nf3+ 48. Kg2 Nh4+ 49. Kg1 Nf3+ 50. Kg2 Nh4+ 51. Kg1 $11) 46... Qxe3 47. fxe3 bxa5 48. Bxa5) 41... Kg8 $16 {[#]} 42. Re8+ (42. a5 $1 $16 Qb8 43. Qxb6 Bxd4 44. Qxb8 Rxb8 45. Bd6) 42... Rxe8 $11 43. Qxe8+ Kh7 44. Qe4+ g6 45. d5 Nf5 46. d6 {[%mdl 64] Decoy} Nxd6 47. Qf4 Ne8 48. Qxc7 Nxc7 {[%mdl 4096] Endgame KBB-KBN} 49. Bc4 Kg7 50. Bd6 Ne8 51. Bb8 Bd8 52. Be5+ Bf6 53. Bb8 Bd8 54. Bf4 Bc7 55. Be3 Nd6 56. Bd4+ f6 57. Bd3 Nb7 58. Bc2 Nd8 59. Be4 Ne6 {The position is equal.} 60. Be3 f5 61. Bc6 Kf6 62. Kg2 g5 63. Bd7 Nf4+ 64. Bxf4 Bxf4 {Accuracy: White = 34%, Black = 57%.} 1/2-1/2

[Event "FIDE World Cup 2019"]
[Site "Khanty-Mansiysk"]
[Date "2019.10.04"]
[Round "7.6"]
[White "Ding, Liren"]
[Black "Radjabov, Teimour"]
[Result "1/2-1/2"]
[WhiteElo "2811"]
[BlackElo "2758"]
[Annotator "ChessBase"]
[PlyCount "79"]
[EventDate "2019.09.07"]
[EventType "k.o."]
[EventCountry "RUS"]
[SourceTitle "playchess.com"]
[Source "ChessBase"]
[SourceQuality "1"]
[TimeControl "1500+10"]

1. c4 {[%emt 0:00:00]} Nf6 {[%emt 0:00:00]} 2. Nc3 {[%emt 0:00:00]} e5 {[%emt 0:00:00]} 3. Nf3 {[%emt 0:00:00]} Nc6 {[%emt 0:00:00]} 4. g3 {[%emt 0:00:00]} d5 {[%emt 0:00:02]} 5. cxd5 {[%emt 0:00:00]} Nxd5 {[%emt 0:00:01]} 6. Bg2 {[%emt 0:00:00]} Bc5 {[%emt 0:00:02]} 7. O-O {[%emt 0:00:00]} O-O {[%emt 0:00:07]} 8. d3 {[%emt 0:00:00]} h6 {[%emt 0:00:14]} 9. Nxd5 {[%emt 0:00:00]} Qxd5 {[%emt 0:00:02]} 10. Nd2 {[%emt 0:00:00]} Qe6 {[%emt 0:02:18]} 11. b3 {[%emt 0:00:08]} Re8 {[%emt 0:00:53]} 12. Bb2 {[%emt 0:00:17]} Bd7 {[%emt 0:04:38]} 13. e3 {[%emt 0:01:23]} Rad8 {[%emt 0:00:54]} 14. a3 {[%emt 0:00:02]} Qg6 {[%emt 0:01:28]} 15. Qc2 {[%emt 0:00:07]} Bb6 {[%emt 0:00:04]} 16. b4 {[%emt 0:01:09]} Bf5 {[%emt 0:00:34]} 17. Ne4 {[%emt 0:00:02]} a6 {[%emt 0:00:32]} 18. Rfd1 {[%emt 0:01:52]} Bg4 {[%emt 0:03:51]} 19. Rd2 {[%emt 0:00:02]} Qh5 {[%emt 0:01:53]} 20. Rc1 {[%emt 0:00:19]} Bf3 {[%emt 0:00:31]} 21. Qb3 {[%emt 0:00:08]} Kh7 {[%emt 0:02:40]} 22. Nc5 {[%emt 0:01:34]} Bxc5 {[%emt 0:01:03]} 23. Rxc5 {[%emt 0:00:01]} Re6 {[%emt 0:00:37]} 24. a4 {[%emt 0:00:25]} b6 {[%emt 0:00:40]} 25. Rc1 {[%emt 0:00:38]} e4 {[%emt 0:00:49]} 26. b5 {[%emt 0:02:24]} axb5 {[%emt 0:00:15]} 27. axb5 {[%emt 0:00:10]} Ne5 {[%emt 0:00:46]} 28. Bxe5 {[%emt 0:01:16]} Rxe5 {[%emt 0:00:02]} 29. Rxc7 {[%emt 0:00:36]} Rxb5 {[%emt 0:00:11]} 30. Bxf3 {[%emt 0:00:01]} exf3 {[%emt 0:00:08]} 31. Qd1 {[%emt 0:00:02]} Rc5 {[%emt 0:01:19]} 32. Rxc5 {[%emt 0:05:11]} bxc5 {[%emt 0:00:01]} 33. d4 {[%emt 0:00:02]} Qf5 {[%emt 0:01:34]} 34. h4 {[%emt 0:01:14]} Rb8 {[%emt 0:01:04]} 35. Qc2 {[%emt 0:00:35]} Qxc2 {[%emt 0:00:45]} 36. Rxc2 {[%emt 0:00:01]} cxd4 {[%emt 0:00:10]} 37. exd4 {[%emt 0:00:01]} Rb1+ {[%emt 0:00:01]} 38. Kh2 {[%emt 0:00:01]} Rd1 {[%emt 0:00:01]} 39. Rc3 {[%emt 0:00:02]} Rxd4 {[%emt 0:00:02]} 40. Rxf3 {[%emt 0:00:00]} 1/2-1/2

[Event "FIDE World Cup 2019"]
[Site "Khanty-Mansiysk"]
[Date "2019.10.04"]
[Round "7.6"]
[White "Yu, Yangyi"]
[Black "Vachier-Lagrave, Maxime"]
[Result "0-1"]
[WhiteElo "2763"]
[BlackElo "2774"]
[Annotator "TA"]
[PlyCount "48"]
[EventDate "2019.09.07"]
[EventType "k.o."]
[EventCountry "RUS"]
[SourceTitle "playchess.com"]
[Source "ChessBase"]
[SourceQuality "1"]

{[%evp 16,48,10,1,0,-10,18,10,10,-43,-37,-48,-35,-51,-49,-106,-108,-124,-119,-146,-157,-174,-165,-157,-129,-412,-406,-624,-613,-629,-616,-622,-616,-575,-600]} 1. d4 Nf6 2. c4 g6 3. Nc3 d5 4. cxd5 Nxd5 5. e4 Nxc3 6. bxc3 Bg7 7. Qa4+ Nd7 {[%cal Bb8d7,Bd7f6,Bf6g4][%mdl 32]} 8. Nf3 O-O 9. Bg5 c5 {D85: Exchange Grünfeld: Unusual White 7th moves and lines with 7 Nf3} 10. Rd1 cxd4 11. cxd4 Nf6 {The position is equal.} (11... h6 12. Be3 Nb6 13. Qb3 Bd7 14. Qa3 Na4 15. Bd3 Rc8 16. O-O b5 17. Rc1 {½-½ (50) Korobov,A (2687)-Fier,A (2604) Moscow 2015}) 12. d5 $146 (12. Bd3 $11) ({Predecessor:} 12. Bd3 Bg4 13. O-O Bxf3 14. gxf3 Qc8 15. Be2 Qh3 16. Qb4 Qh5 17. Qd2 {½-½ (48) Paehtz,E (2474)-Lujan,C (2378) Baku 2016}) 12... Bd7 $15 13. Qb4 Qb6 14. Qxb6 axb6 {[%cal Ba7b6,Bb6b5,Bb5b4][%mdl 32]} 15. e5 {[#]} (15. Bd3 $1 $15) 15... Ng4 $1 $17 16. e6 fxe6 17. Bc4 Ba4 $36 {[%mdl 2048] Black is on the roll.} 18. Rc1 {White wants to play d6.} b5 19. Be2 exd5 20. Bxe7 $2 {[%mdl 8192]} (20. O-O $17 {was worth a try.}) 20... Rfe8 $19 21. Bg5 (21. Rc7 $142 Rac8 22. Bd6) 21... b4 {Black is clearly winning.} 22. Kf1 {[#]} Rxe2 $1 {[%mdl 576] Remove Defender} 23. Kxe2 Bb5+ {[%mdl 64] Discovered Attack} 24. Ke1 Bc3+ {Accuracy: White = 17%, Black = 84%.} 0-1